Heliodora o El amor enamorado : (Record no. 155125)

MARC details
000 -LEADER
campo de control de longitud fija 01144nam a2200253 i 4500
001 - NÚMERO DE CONTROL
campo de control 155125
003 - IDENTIFICADOR DE NÚMERO DE CONTROL
campo de control ES-MaACL
005 - FECHA Y HORA DE LA ÚLTIMA TRANSACCIÓN
campo de control 20250719063317.0
008 - DATOS DE LONGITUD FIJA--INFORMACIÓN GENERAL
campo de control de longitud fija 000119s1880 sp |||| | spa d
040 ## - FUENTE DE CATALOGACIÓN
Centro catalogador/agencia de origen CAM
Lengua de catalogación spa
Centro/agencia transcriptor CAM
100 1# - ENTRADA PRINCIPAL--NOMBRE DE PERSONA
Nombre de persona Hartzenbusch, Juan Eugenio,
Fechas asociadas al nombre 1806-1880
Término indicativo de función/relación Autor
9 (RLIN) 62011
245 10 - MENCIÓN DEL TÍTULO
Título Heliodora o El amor enamorado :
Resto del título zarzuela en tres actos en verso y en prosa /
Mención de responsabilidad, etc. de Juan Eugenio Hartzenbusch ; música del maestro Emilio Arrieta.
260 ## - PUBLICACIÓN, DISTRIBUCIÓN, ETC.
Lugar de publicación, distribución, etc. Madrid :
Nombre del editor, distribuidor, etc. [s.n.],
Fecha de publicación, distribución, etc. 1880
Fabricante (Imp. de José Rodríguez)
300 ## - DESCRIPCIÓN FÍSICA
Extensión 68 páginas ;
Dimensiones 19 cm.
500 ## - NOTA GENERAL
Nota general Representada por primera vez en el Teatro de Apolo el 28 de setiembre de 1880
500 ## - NOTA GENERAL
Nota general Sólo el texto
655 #4 - TERMINO DE INDIZACIÓN--GENERO/FORMA
9 (RLIN) 193637
Datos o término principal de género/forma Zarzuelas
700 1# - ENTRADA AGREGADA--NOMBRE PERSONAL
Nombre de persona Arrieta, Emilio,
Fechas asociadas al nombre 1821-1894
Término indicativo de función/relación Músico
9 (RLIN) 224497
740 32 - ENTRADA AGREGADA--TÍTULO RELACIONADO/ANALÍTICO NO CONTROLADO
Título relacionado o analítico no controlado El amor enamorado
852 ## - LOCALIZACIÓN
Ubicación ES-MaACL
Ubicación en estantería Depósito folletos
Anotaciones manuscritas Dedic. ms. del hijo del autor a Rafael Álvarez Sereix
-- Dedic. ms. de Rafael Álvarez Sereix al Ateneo de Madrid
Donativo/Legado Donativo de Rafael Álvarez Sereix
Número de control de estantería T-417-F-5
Encuadernación Holandesa, falto de cub. original
942 ## - ELEMENTOS DE ENTRADA SECUNDARIOS (KOHA)
Fuente del sistema de clasificación o colocación Clasificación decimal universal
Tipo de ítem Koha Folleto
Suprimir en OPAC No
Holdings
Estatus retirado Estado de pérdida Fuente del sistema de clasificación o colocación Estado de daño No para préstamo Colección Biblioteca de origen Biblioteca actual Ubicación en estantería Fecha de adquisición Fuente de adquisición Total de préstamos Signatura topográfica completa Código de barras Visto por última vez Tipo de ítem Koha Nota pública
    Clasificación decimal universal     Colección de folletos Biblioteca del Ateneo de Madrid Biblioteca del Ateneo de Madrid Depósito folletos 17/01/2008 Donación   T-417-F-5 1162268 23/02/2023 Folleto Dedicatoria autógrafa de Rafael Álvarez Sereix